Three merchants of Bombay : business pioneers of the nineteenth century (Record no. 287265)

MARC details
000 -LEADER
fixed length control field 00473nam a2200157Ia 4500
005 - DATE AND TIME OF LATEST TRANSACTION
control field 20241030134907.0
008 - FIXED-LENGTH DATA ELEMENTS--GENERAL INFORMATION
fixed length control field 240126s9999 xx 000 0 und d
020 ## - INTERNATIONAL STANDARD BOOK NUMBER
International Standard Book Number 9780143426196
082 ## - DEWEY DECIMAL CLASSIFICATION NUMBER
Classification number 338.0954 LAK;1 R
100 ## - MAIN ENTRY--PERSONAL NAME
Personal name Lakshmi Subramanian.
245 #0 - TITLE STATEMENT
Title Three merchants of Bombay : business pioneers of the nineteenth century
260 ## - PUBLICATION, DISTRIBUTION, ETC. (IMPRINT)
Name of publisher, distributor, etc. Penguin Random House
Place of publication, distribution, etc. Haryana
Date of publication, distribution, etc. 2012
300 ## - PHYSICAL DESCRIPTION
Extent xlii, 235
440 ## - SERIES STATEMENT/ADDED ENTRY--TITLE
Title The stories of Indian business
942 ## - ADDED ENTRY ELEMENTS (KOHA)
Koha item type PESU Books
Holdings
Date last seen Total Checkouts Full call number Accession number Checked out Volume/Issue Number Date checked out Cost, replacement price Price effective from Category Lost status Damaged status Department Withdrawn status bill no. Permanent Location Current Location Shelving location Entry date Vendor Cost, normal purchase price Grants Currency symbol Conversion rate Discount Discount type
03/07/2026 1 338.0954 LAK;1 R PU9761 17/07/2026 (04/07/1905) 03/07/2026 201.78 26/01/2024 PESU Books     MBA   90277 Central Library Central Library MBA 26/04/2019 Book Paradise 279.90 MBA RS 1 78.12 Rupees

© For any Suggestions or Query, please contact the library staff @ librarian@pes.edu or Phone: +9180 2672 1983/ 2108.